Online
Catalog

Conceptos de género en la planificación del desarrollo : (Record no. 29227)

MARC details
000 -CABECERA
campo de control de longitud fija 00774nam a2200181 a 4500
001 - NÚMERO DE CONTROL
campo de control 000029735
005 - FECHA Y HORA DE LA ÚLTIMA TRANSACCIÓN
campo de control 20200930055751.0
008 - DATOS DE LONGITUD FIJA--INFORMACIÓN GENERAL
campo de control de longitud fija 110425s2000 dr 000 0 spa d
040 ## - FUENTE DE LA CATALOGACIÓN
Centro catalogador/agencia de origen DO-SdBNP
Lengua de catalogación spa
Centro/agencia transcriptor BNPHU
049 ## - FONDOS LOCALES (OCLC)
Fondos de biblioteca BNPD
100 1# - ENTRADA PRINCIPAL--NOMBRE DE PERSONA
Nombre de persona Shallat, Lezak
9 (RLIN) 56518
245 10 - MENCIÓN DE TÍTULO
Título Conceptos de género en la planificación del desarrollo :
Resto del título enfoque básico /
Mención de responsabilidad, etc. preparado por Lezak Shallat, Ursula Paredes ; traducción al español Marta Fernández.
260 ## - PUBLICACIÓN, DISTRIBUCIÓN, ETC.
Lugar de publicación, distribución, etc. Santo Domingo :
Nombre del editor, distribuidor, etc. Instituto Internacional de las Naciones Unidas de Investigaciones y Capacitación para la Promoción de la Mujer (INSTRAW) (INSTRAW),
Fecha de publicación, distribución, etc. [2000].
300 ## - DESCRIPCIÓN FÍSICA
Extensión 28 p. ;
Dimensiones 28 cm.
504 ## - NOTA DE BIBLIOGRAFÍA, ETC.
Nota de bibliografía, etc. Bibliografía : p. 27-28
700 1# - PUNTO DE ACCESO ADICIONAL--NOMBRE DE PERSONA
Nombre de persona Paredes, Ursula
9 (RLIN) 56519
700 1# - PUNTO DE ACCESO ADICIONAL--NOMBRE DE PERSONA
Nombre de persona Fernández, Marta
Término indicativo de función/relación trad.
9 (RLIN) 10106
Holdings
Estado de retiro Estado de pérdida Restricciones de uso No para préstamo Localización permanente Ubicación/localización actual Ubicación en estantería Fecha de adquisición Número de inventario Total de préstamos Signatura topográfica completa Código de barras Fecha visto por última vez Precio válido a partir de Tipo de ítem Koha
      Excluido de préstamo Patrimonio Dominicano Patrimonio Dominicano En catalogación 12.05.2011 LF1   29735-10 25.06.2020 25.06.2020 No se presta

Powered by Koha